Multiple-span suspension bridges ; development and experimental verification of theory /

Bibliographic Details
Main Author: McCullough, Conde Balcom, 1887-1946
Other Authors: Paxson. Glenn Stewart, 1893-, Rosecrans, Richard
Format: Book
Language:English
Published: Salem : Oregon State highway commission, 1944.
Series:Technical bulletin (Oregon. State Highway Department) ; no. 18.
Subjects:

MARC

Tag First Indicator Second Indicator Subfields
LEADER 00000cam a2200000 4500
001 in00000093161
005 20150925085302.0
008 800401s1944 orua b s00010 engm
010 |a  44041811  
035 |a (OCoLC)06152668 
035 |9 AAL1741AM 
040 |a DLC  |c TXA  |d UtOrBLW 
049 |a TXAM  |c [372697] 
050 0 |a TG400  |b .M32 
082 0 |a 624.5 
100 1 |a McCullough, Conde Balcom,  |d 1887-1946. 
245 1 0 |a Multiple-span suspension bridges ;  |b development and experimental verification of theory /  |c by C. B. McCullough ... Glenn S. Paxson ... [and] Richard Rosecrans ... 
264 1 |a Salem :  |b Oregon State highway commission,  |c 1944. 
300 |a vii, 115 pages, 3 unnumbered pages including frontispiece, illustrations, diagrams :  |b tables (part folded) ;  |c 23 cm. 
336 |a text  |b txt  |2 rdacontent 
337 |a unmediated  |b n  |2 rdamedia 
338 |a volume  |b nc  |2 rdacarrier 
490 1 |a Oregon. State highway dept. Technical bulletin ;  |v no. 18 
504 |a "Publications of the Oregon State highway commission" : pages [1]-[3] at end. 
650 0 |a Suspension bridges. 
700 1 |a Paxson. Glenn Stewart,  |d 1893- 
700 1 |a Rosecrans, Richard. 
830 0 |a Technical bulletin (Oregon. State Highway Department) ;  |v no. 18. 
999 |a MARS 
999 f f |s 67bcde2b-bf35-3a96-8462-930621ba1cb6  |i 98ddf3c4-0ffb-3fe8-8d4e-32c4f4e67cf0  |t 0 
952 f f |p normal  |a Texas A&M University  |b College Station  |c Sterling C. Evans Library  |d Evans: Library Stacks  |t 0  |e TG400 .M32  |h Library of Congress classification  |i unmediated -- volume  |m A14805398235 
998 f f |a TG400 .M32  |t 0  |l Evans: Library Stacks